Państwa z największą liczbą graczy rugby na mieszkańca - Statystyki

Ogólne statystyki
  • Ten quiz został rozwiązany 1 084 razy
  • Średni wynik to 11 z 24
Statystyki odpowiedzi
na tysiąc ludzi Państwo % Poprawnych
4,6 Stany Zjednoczone
90%
26 Australia
89%
31 Nowa Zelandia
85%
37 Wielka Brytania
85%
4,2 Kanada
80%
29 Irlandia
72%
9,5 Francja
71%
8,0 Republika Południowej Afryki
68%
216 Fidżi
61%
60 Samoa
53%
582 Tonga
47%
21 Wyspy Salomona
44%
17 Monako
28%
4,7 Portugalia
28%
18 Andora
27%
6,1 Luksemburg
27%
5,2 Singapur
27%
4,9 Namibia
24%
44 Malta
23%
4,1 Sri Lanka
21%
5,5 Botswana
20%
19 Eswatini
19%
9,4 Urugwaj
18%
25 Saint Vincent i Grenadyny
13%
Nie znaleziono quizów pasujących do podanych kryteriów
Rozkład punktacji
Procent ludzi z każdym wynikiem
Percentyl według liczby udzielonych odpowiedzi
Twoja historia wyników
Nie rozwiązałeś tego quizu